Recovery Plan for Slovakia: A Turning Point for Sustainable Development?

Plán obnovy Slovenska predstavuje kritický bod pre napredovanie trvalo udržateľného rozvoja, ako reakcia na pandémiu Covid-19, geopolitické konflikty a ekonomickú stagnáciu. Skúmanie štrukturálnych výziev Slovenska, ako je spomaľovanie konvergencie, slabý rast produktivity a demografické tlaky.

Na minha lista:
Detalhes bibliográficos
Autor principal: Leško, Peter, 1989-
Formato: Capítulo de Livro
Idioma:inglês
Assuntos:
Tags: Adicionar Tag
Sem tags, seja o primeiro a adicionar uma tag!

MARC

LEADER 00000naa$a2200000$$$4500
001 0306352
005 20250122095256.8
041 0 |a eng 
044 |a CZ 
245 1 0 |a Recovery Plan for Slovakia: A Turning Point for Sustainable Development?  |c Peter Leško 
520 |a Plán obnovy Slovenska predstavuje kritický bod pre napredovanie trvalo udržateľného rozvoja, ako reakcia na pandémiu Covid-19, geopolitické konflikty a ekonomickú stagnáciu. Skúmanie štrukturálnych výziev Slovenska, ako je spomaľovanie konvergencie, slabý rast produktivity a demografické tlaky. 
610 2 0 |a plán 
610 2 0 |a plán hospodársky 
610 2 0 |a plánovanie 
610 2 0 |a obnova fondov základných 
610 2 0 |a udržateľnosť 
610 2 0 |a rozvoj hospodársky 
610 2 0 |a konvergencia 
610 2 0 |a produktivita 
610 2 0 |a Slovensko 
100 1 |a Leško, Peter, 1989-